书目信息 |
| 题名: |
食品卫生检验技术
|
|
| 作者: | 王叔淳 编著 | |
| 分册: | ||
| 出版信息: | 北京 化学工业出版社 1988.10 |
|
| 页数: | 591页 | |
| 开本: | 26厘米 | |
| 丛书名: | ||
| 单 册: | ||
| 中图分类: | R155.5 | |
| 科图分类: | ||
| 主题词: | 食品检验--食品卫生 | |
| 电子资源: | ||
| ISBN: | 7-5025-0376-5 | |
| 000 | 00710nam0 2200241 450 | |
| 001 | 0100271553 | |
| 005 | 20020928000000.0 | |
| 010 | @a7-5025-0376-5@dCNY9.40 | |
| 011 | @a7-5025-0376-5 | |
| 100 | @a19900816d1988 m y0chiy0110 ea | |
| 101 | 0 | @achi |
| 102 | @aCN@b110000 | |
| 105 | @ay z 000yy | |
| 106 | @ar | |
| 200 | 1 | @a食品卫生检验技术@9Shi;Si Pin Wei Sheng Jian Yan Ji Shu;Zhu @f王叔淳编著@b专著 |
| 210 | @a北京@c化学工业出版社@d1988.10 | |
| 215 | @a591页@d26厘米 | |
| 330 | @a本书包括基础知识和食品卫生检验技术两篇。 | |
| 606 | 0 | @a食品检验@x食品卫生 |
| 690 | @aR155.5@v1980 | |
| 701 | 0 | @a王叔淳@9wang shu chun@4编著 |
| 801 | 0 | @aCN@bAiZhiMarc@c19900816 |
| 905 | @aBZT@dR15@e23@f5@sR15/23 | |
| 食品卫生检验技术/王叔淳编著.-北京:化学工业出版社,1988.10 |
| 591页;26厘米 |
| ISBN 7-5025-0376-5:CNY9.40 |
| 本书包括基础知识和食品卫生检验技术两篇。 |
| ● |
| 相关链接 |
|
|
|
正题名:食品卫生检验技术
索取号:R15/23
 
预约/预借
| 序号 | 登录号 | 条形码 | 馆藏地/架位号 | 状态 | 备注 |
| 1 | 2000101288 | 2000101288 | 旧书回溯/ [索取号:R15/23] | 在馆 | |
| 2 | 2000101289 | 2000101289 | 旧书回溯/ [索取号:R15/23] | 在馆 | |
| 3 | 2000101290 | 2000101290 | 旧书回溯/ [索取号:R15/23] | 在馆 | |
| 4 | 2000101291 | 2000101291 | 旧书回溯/ [索取号:R15/23] | 在馆 | |
| 5 | 2000101292 | 2000101292 | 旧书回溯/ [索取号:R15/23] | 在馆 |